[Event "Napoli Antica Scuola 3rd"]
[Site "Napoli"]
[Date "2014.12.04"]
[Round "1"]
[White "Supino, Domenico"]
[Black "Ghiani, Marco"]
[Result "1-0"]
[WhiteElo "2040"]
[BlackElo "1699"]
[PlyCount "53"]
[EventDate "2014.12.04"]
[EventType "swiss"]
[EventRounds "6"]
[EventCountry "ITA"]
[SourceTitle "EXT 2017"]
[Source "ChessBase"]
[SourceDate "2016.10.25"]
[SourceVersion "1"]
[SourceVersionDate "2016.10.25"]
[SourceQuality "1"]

1. d4 Nf6 2. Nf3 g6 3. g3 d5 4. Bg2 Bg7 5. c4 0-0 6. cxd5 Nxd5 7. 0-0 Nc6 8. e4 Nb6 9. d5 Na5 10. Nc3 e6 11. Bg5 Qe8 12. Re1 Nac4 13. Qc2 Nxb2 14. Rab1 N2c4 15. Nb5 Rb8 16. Bf1 Ne5 17. Nxe5 Bxe5 18. Bh6 Bd7 19. Bxf8 Qxf8 20. f4 Bxb5 21. Bxb5 Bd6 22. dxe6 fxe6 23. Rbc1 a6 24. Bf1 Rd8 25. Qb3 Kf7 26. Bh3 Qe7 27. f5 1-0

[Event "Napoli Parthenope op 6th"]
[Site "Napoli"]
[Date "2014.06.26"]
[Round "7"]
[White "Freda, Guido"]
[Black "Ghiani, Marco"]
[Result "1-0"]
[WhiteElo "1570"]
[BlackElo "1497"]
[PlyCount "53"]
[EventDate "2014.06.01"]
[EventType "swiss"]
[EventRounds "7"]
[EventCountry "ITA"]
[SourceTitle "EXT 2018"]
[Source "ChessBase"]
[SourceDate "2017.10.13"]
[SourceVersion "1"]
[SourceVersionDate "2017.10.13"]
[SourceQuality "1"]

1. d4 Nf6 2. c4 g6 3. Nc3 d5 4. cxd5 Nxd5 5. Nxd5 Qxd5 6. e3 Bf5 7. Nf3 Bg7 8. Qa4+ Bd7 9. Qc2 Bf5 10. Qxc7 Qd7 11. Qc3 0-0 12. Bd3 Rc8 13. Qb3 Bxd3 14. Qxd3 Nc6 15. Bd2 e5 16. d5 f5 17. Qb3 Nd8 18. 0-0 b6 19. Bb4 Kh8 20. Rfd1 Nb7 21. Ng5 h6 22. Ne6 Nd8 23. Rd2 Nxe6 24. dxe6 Qe8 25. e7 Bf6 26. Qe6 Kg7 27. Rd7 1-0

[Event "Napoli Parthenope op 6th"]
[Site "Napoli"]
[Date "2014.06.05"]
[Round "3"]
[White "Solombrino, Giovanni"]
[Black "Ghiani, Marco"]
[Result "0-1"]
[WhiteElo "1859"]
[BlackElo "1497"]
[PlyCount "74"]
[EventDate "2014.06.01"]
[EventType "swiss"]
[EventRounds "7"]
[EventCountry "ITA"]
[SourceTitle "EXT 2018"]
[Source "ChessBase"]
[SourceDate "2017.10.13"]
[SourceVersion "1"]
[SourceVersionDate "2017.10.13"]
[SourceQuality "1"]

1. e4 c6 2. d4 d5 3. Nd2 dxe4 4. Nxe4 Nd7 5. Ng5 Ngf6 6. Bd3 h6 7. Ne6 Qb6 8. Nxf8 Nxf8 9. c3 Be6 10. Ne2 0-0-0 11. a4 Bd5 12. Nf4 g5 13. a5 Qc7 14. Nxd5 Nxd5 15. 0-0 e6 16. Bc4 Ng6 17. Bxd5 Rxd5 18. b4 e5 19. Qg4+ Qd7 20. Qxd7+ Kxd7 21. Be3 e4 22. f3 exf3 23. Rxf3 Rf8 24. c4 Rd6 25. d5 cxd5 26. Bc5 Ne5 27. Rf5 Nxc4 28. Bxd6 Kxd6 29. Rf6+ Ke5 30. Rxh6 b6 31. a6 Ne3 32. Rc6 d4 33. Rc7 d3 34. Kf2 Nc2 35. Rb1 Na3 36. Rd1 Nb5 37. Ke3 Nxc7 0-1

[Event "Napoli Parthenope op 6th"]
[Site "Napoli"]
[Date "2014.05.22"]
[Round "1"]
[White "Capozzoli, Silvio"]
[Black "Ghiani, Marco"]
[Result "0-1"]
[WhiteElo "1743"]
[BlackElo "1497"]
[PlyCount "58"]
[EventDate "2014.06.01"]
[EventType "swiss"]
[EventRounds "7"]
[EventCountry "ITA"]
[SourceTitle "EXT 2018"]
[Source "ChessBase"]
[SourceDate "2017.10.13"]
[SourceVersion "1"]
[SourceVersionDate "2017.10.13"]
[SourceQuality "1"]

1. d4 Nf6 2. Nc3 d5 3. Nf3 Bf5 4. Bf4 a6 5. a3 e6 6. e3 c5 7. h3 Nc6 8. Be2 h6 9. 0-0 Rc8 10. Na4 Qa5 11. Nxc5 Bxc5 12. dxc5 Qxc5 13. c3 0-0 14. Ne5 Nxe5 15. Bxe5 Nd7 16. Bd4 Qc7 17. f4 f6 18. g4 Be4 19. c4 dxc4 20. Qa4 e5 21. Bc3 Nb6 22. Qd1 Rfd8 23. Qe1 Nd5 24. fxe5 Nxe3 25. Bxc4+ Qxc4 26. Qxe3 Rd3 27. Qf4 Rxh3 28. exf6 Qc5+ 29. Rf2 Rh1# 0-1

[Event "Napoli Province-ch"]
[Site "Napoli"]
[Date "2014.01.23"]
[Round "6"]
[White "Ghiani, Marco"]
[Black "Angelotti, Mario"]
[Result "0-1"]
[WhiteElo "1482"]
[BlackElo "1728"]
[PlyCount "78"]
[EventDate "2013.12.05"]
[EventType "swiss"]
[EventRounds "7"]
[EventCountry "ITA"]
[SourceTitle "EXT 2015"]
[Source "ChessBase"]
[SourceDate "2014.11.20"]
[SourceVersion "1"]
[SourceVersionDate "2014.11.20"]
[SourceQuality "1"]

1. d4 Nf6 2. c4 e6 3. Nc3 Bb4 4. e3 0-0 5. Bd3 b6 6. a3 Bxc3+ 7. bxc3 Bb7 8. Nf3 d6 9. Qc2 Nbd7 10. e4 e5 11. d5 Nc5 12. Bg5 Qe7 13. 0-0 Bc8 14. Ne1 Bd7 15. Qe2 c6 16. f3 Rfe8 17. Bc2 cxd5 18. cxd5 a6 19. Nd3 Rac8 20. Nxc5 Rxc5 21. c4 b5 22. Bd3 Rec8 23. Be3 R5c7 24. Rfc1 Nh5 25. cxb5 Nf4 26. Bxf4 exf4 27. Rxc7 Rxc7 28. bxa6 Bc8 29. Qd2 Qe5 30. Rc1 Qd4+ 31. Kf1 Rxc1+ 32. Qxc1 Qxd3+ 33. Ke1 Bxa6 34. Qb2 Qf1+ 35. Kd2 Qxg2+ 36. Kc3 Qxb2+ 37. Kxb2 Be2 38. e5 dxe5 39. d6 Kf8 0-1